000 00827nam a22002297a 4500
005 20120105105028.0
008 120105t xxu||||| |||| 00| 0 eng d
010 _aENG-104596
020 _a9788190904452
_c850.00
035 _aEN-88129
037 _bDBAD/PUB
040 _aDPL
_bEng
082 _a658.15
100 _aSharma, Nand K.
_938246
245 _aAdvance financial management /
_cby Nand K. Sharma
260 _aJaipur
_bDND Publications
_c2011
270 _a2, Shivgyan Avenue, (B-7), Near Yojna Bhawan, Yudishter Marg, C-Scheme
_bJaipur
_e302001
300 _a364p.
_c22cm(Hb)
500 _aIncludes index
942 _2ddc
_cEN
_mSHA
_h658.15
999 _c60330
_d60330